000 00679nam a2200229Ia 4500
999 _c39792
_d39792
001 6397
003 GE_BSU
005 20221116105223.0
008 181216s1996||||enk|||||||||||||| ||eng||
020 _a0130178314 x
040 _cGE_BSU
041 _aeng
080 _a821.111-31 M-29
100 _aMartin, Alex and Robert Hill
_95596
245 _aModern Novels
_bIntroduction to modern English literature /
_c Alex Martin, Robert Hill.
264 _aNew York,
_b1996.
300 _a287 p.:
_b23 cm.
653 _aნოველები
653 _aინგლისური ლიტერატურა
700 _aHill, Robert.
_915847
942 _cBK
_2udc